[Event "New York MCC"]
[Site "New York"]
[Date "1994.??.??"]
[Round "8"]
[White "Ashley, Maurice"]
[Black "Gurevich, Ilya"]
[Result "0-1"]
[WhiteElo "2460"]
[BlackElo "2585"]
[Annotator "Ftacnik,L"]
[PlyCount "118"]
[EventDate "1994.02.??"]
[EventType "tourn"]
[EventRounds "11"]
[EventCountry "USA"]
[EventCategory "9"]
[SourceTitle "CBM 043"]
[Source "ChessBase"]
[SourceDate "1994.12.01"]
[SourceVersion "1"]
[SourceVersionDate "1994.12.01"]
[SourceQuality "1"]

1. d4 Nf6 2. Bg5 c5 3. Bxf6 gxf6 4. d5 Qb6 5. Qc1 f5 6. g3 d6 (6... Bg7 $142 7.
c3 d6 8. Nd2 O-O 9. Nh3 Nd7 10. Nc4 Qa6 11. Qf4 Nf6 {Conquest,S-Panno,O/Buenos
Aires/1994/}) 7. Bg2 Nd7 8. Nh3 $5 Nf6 $6 (8... Bg7 9. c3 Nf6 10. Nd2 Qa6 $1
11. Qc2 e5 $15) 9. Nd2 Bg7 10. O-O O-O $6 (10... e6 11. Nc4 Qa6 12. Ne3 O-O 13.
c4 $13) 11. Rd1 Bd7 (11... e5 12. dxe6 Bxe6 13. Nf4 d5 14. c4 $1 Rfd8 (14...
Ne4 15. cxd5 Bxb2 16. Qc2 Bxa1 17. Nxe4 fxe4 18. dxe6 Bg7 19. Bxe4 $18) 15. Qc2
$16) 12. c3 Qa6 $1 13. Qc2 Rae8 (13... Qxe2 14. Re1 Qa6 15. Rxe7 Rfe8 16. Rxd7
Nxd7 17. Qxf5 Nf6 18. Ne4 $16) 14. e4 b5 $1 15. Ng5 $1 (15. a4 b4 16. cxb4 cxb4
17. exf5 Qc8 $15) 15... Qc8 16. exf5 Bxf5 17. Nde4 Ng4 $2 (17... Bg6 18. Nxf6+
Bxf6 (18... exf6 19. Ne4 Qf5 20. f3 $1 $16) 19. Ne4 Bg7 20. f4 $14) 18. Bh3 (
18. h3 $142 $1 Nh6 19. f4 Bg6 20. Qe2 $1 Qd7 21. g4 f5 22. Nf2 fxg4 23. Ne6
gxh3 (23... g3 24. Ne4 Nf5 25. Nxf8 Rxf8 26. Ng5 $18) 24. Bxh3 Bf5 25. Nxf8
Rxf8 26. Qh5 $1 $16) 18... Nh6 19. Rd2 Kh8 20. Bxf5 (20. Re1 $2 Bxh3 21. Nxd6
Bf5 22. Nxc8 Bxc2 23. Nxe7 Bf6 24. d6 Bxg5 25. Rxc2 Ng8 $17) 20... Qxf5 21. Re1
Qg6 22. Nf3 Nf5 23. Qd1 (23. Qd3 $1 Rb8 24. Qf1 $1 h5 25. Qg2 Rg8 26. h3 Bh6
27. Rde2 Bf4 28. Kh1 $16) 23... Rb8 24. Rde2 Rb7 25. Kg2 $6 (25. h3 $142 {
/\ Kh2+/=}) 25... h5 26. h4 $2 {><g3, g4, Kg2} (26. h3 $142 Bh6 27. Kh2 $14)
26... Bh6 27. Neg5 $6 f6 $1 $17 28. Ne4 Rg8 29. Ned2 Bf4 30. Kh1 $1 Rg7 $1 (
30... Bxg3 31. fxg3 Nxg3+ 32. Kh2 Nxe2 33. Qxe2 $16) (30... Nxg3+ 31. fxg3 Qxg3
32. Rg1 Qh3+ 33. Nh2 $16) 31. Rg1 Bh6 32. Qf1 Rb8 33. Qh3 Rbg8 34. Rge1 Qh7 $1
35. Nf1 Rg4 36. N3h2 Rc4 37. Nf3 b4 38. cxb4 Rxb4 39. b3 Rbg4 (39... a5 $142 $1
) 40. Re6 a5 41. Qg2 a4 $19 42. N3h2 $5 Rxh4 43. R6e4 (43. Qf3 Nd4) (43. gxh4
Rxg2 44. Kxg2 Nxh4+ 45. Kh3 Ng6) 43... axb3 44. axb3 Rxe4 45. Qxe4 Rb8 46. Nf3
(46. Qa4 Qf7 47. Rd1 Nd4) 46... Rxb3 47. Kg2 Qg6 48. Nh4 Nxh4+ 49. Qxh4 Rb4 $1
50. Qh3 Re4 (50... Qg4 51. Rxe7 Qxh3+ 52. Kxh3 Rd4 53. Re6 Rxd5 54. Rxf6 Kg7
55. Re6 c4 $17) 51. Qc8+ Kh7 52. Ra1 Qg4 $1 53. Qe8 Qg8 $1 54. Qc6 (54. Qxh5
Re5) 54... Rd4 55. Re1 Qxd5+ 56. Qxd5 Rxd5 57. Rxe7+ Kg6 58. Nh2 Rd1 59. Nf3 (
59. f4 Bf8 60. Rd7 c4) 59... Bg5 0-1

[Event "New York MCC"]
[Site "New York"]
[Date "1994.??.??"]
[Round "9"]
[White "Leveille, Francois"]
[Black "Ashley, Maurice"]
[Result "0-1"]
[WhiteElo "2370"]
[BlackElo "2460"]
[PlyCount "100"]
[EventDate "1994.02.??"]
[EventType "tourn"]
[EventRounds "11"]
[EventCountry "USA"]
[EventCategory "9"]
[SourceTitle "CBM 043"]
[Source "ChessBase"]
[SourceDate "1994.12.01"]
[SourceVersion "1"]
[SourceVersionDate "1994.12.01"]
[SourceQuality "1"]

1. d4 Nf6 2. c4 e6 3. Nc3 Bb4 4. Bg5 h6 5. Bh4 c5 6. d5 b5 7. dxe6 fxe6 8. cxb5
O-O 9. e3 Qa5 10. Bxf6 Rxf6 11. Qc1 a6 12. bxa6 Nxa6 13. a3 Nc7 14. Nge2 c4 15.
Rb1 Bf8 16. Qd2 d5 17. g3 e5 18. Bg2 Rd6 19. O-O Bg4 20. h3 Bh5 21. Rbd1 Rb8
22. g4 Bf7 23. f4 d4 24. Ne4 Qxd2 25. Rxd2 Rdb6 26. exd4 exd4 27. Nxd4 Rxb2 28.
Rxb2 Rxb2 29. Rf2 Bxa3 30. Rxb2 Bxb2 31. Ne2 Nb5 32. Kf2 c3 33. Ke1 Bc4 34.
N4g3 c2 35. Kd2 Nd4 36. Nc1 Bxc1+ 37. Kxc1 Bd3 38. Bd5+ Kf8 39. Kd2 Ke8 40. f5
Ke7 41. h4 Kd6 42. Ba2 Ke5 43. g5 hxg5 44. hxg5 Bxf5 45. Bc4 Bg6 46. Nh1 Nf3+
47. Kc1 Kd4 48. Bb3 Kc3 49. Ba4 Nd4 50. Ng3 Bd3 0-1

[Event "New York MCC"]
[Site "New York"]
[Date "1994.??.??"]
[Round "10"]
[White "Ashley, Maurice"]
[Black "Waitzkin, Joshua"]
[Result "1/2-1/2"]
[WhiteElo "2460"]
[BlackElo "2430"]
[PlyCount "24"]
[EventDate "1994.02.??"]
[EventType "tourn"]
[EventRounds "11"]
[EventCountry "USA"]
[EventCategory "9"]
[SourceTitle "CBM 043"]
[Source "ChessBase"]
[SourceDate "1994.12.01"]
[SourceVersion "1"]
[SourceVersionDate "1994.12.01"]
[SourceQuality "1"]

1. c4 c5 2. Nf3 b6 3. g3 Bb7 4. Bg2 Nf6 5. O-O e6 6. Nc3 Be7 7. d4 cxd4 8. Qxd4
d6 9. b3 O-O 10. Bb2 a6 11. e4 Nbd7 12. Rfe1 Qc7 1/2-1/2

[Event "New York Murphy-ACF"]
[Site "New York"]
[Date "1994.??.??"]
[Round "1"]
[White "Ashley, Maurice"]
[Black "Levitt, Jonathan"]
[Result "1-0"]
[WhiteElo "2460"]
[BlackElo "2445"]
[PlyCount "57"]
[EventDate "1994.03.??"]
[EventType "tourn"]
[EventRounds "9"]
[EventCountry "USA"]
[EventCategory "8"]
[SourceTitle "EXT 1997"]
[Source "ChessBase"]
[SourceDate "1996.11.15"]
[SourceVersion "1"]
[SourceVersionDate "1996.11.15"]
[SourceQuality "1"]

1. e4 e6 2. d4 d5 3. exd5 exd5 4. c4 Nf6 5. Nc3 Bb4 6. Bd3 O-O 7. Nge2 dxc4 8.
Bxc4 Nbd7 9. O-O Nb6 10. Bb3 c6 11. Qd3 Nfd5 12. Bc2 g6 13. Ne4 Be7 14. Bb3 Nc7
15. Bf4 Nbd5 16. Bh6 Re8 17. Qf3 Be6 18. Nc5 Rb8 19. Nf4 Bf5 20. Rfe1 b6 21.
Ncd3 Nxf4 22. Bxf4 Bxd3 23. Bxf7+ Kg7 24. Bxe8 Bd6 25. Bxc6 Bf5 26. Be4 Ne6 27.
Bxd6 Qxd6 28. d5 Nd4 29. Qc3 1-0

[Event "New York Murphy-ACF"]
[Site "New York"]
[Date "1994.??.??"]
[Round "3"]
[White "Waitzkin, Joshua"]
[Black "Ashley, Maurice"]
[Result "1/2-1/2"]
[WhiteElo "2430"]
[BlackElo "2460"]
[PlyCount "28"]
[EventDate "1994.03.??"]
[EventType "tourn"]
[EventRounds "9"]
[EventCountry "USA"]
[EventCategory "8"]
[SourceTitle "EXT 1997"]
[Source "ChessBase"]
[SourceDate "1996.11.15"]
[SourceVersion "1"]
[SourceVersionDate "1996.11.15"]
[SourceQuality "1"]

1. d4 Nf6 2. c4 c5 3. d5 e6 4. Nc3 exd5 5. cxd5 d6 6. e4 g6 7. Nf3 Bg7 8. Be2
O-O 9. O-O a6 10. a4 Re8 11. Nd2 Nbd7 12. Nc4 Nb6 13. Nd2 Nbd7 14. Nc4 Nb6
1/2-1/2

[Event "New York Murphy-ACF"]
[Site "New York"]
[Date "1994.??.??"]
[Round "9"]
[White "Rogers, Norman"]
[Black "Ashley, Maurice"]
[Result "0-1"]
[WhiteElo "2290"]
[BlackElo "2460"]
[PlyCount "64"]
[EventDate "1994.03.??"]
[EventType "tourn"]
[EventRounds "9"]
[EventCountry "USA"]
[EventCategory "8"]
[SourceTitle "EXT 1997"]
[Source "ChessBase"]
[SourceDate "1996.11.15"]
[SourceVersion "1"]
[SourceVersionDate "1996.11.15"]
[SourceQuality "1"]

1. e4 c5 2. Nf3 d6 3. d4 cxd4 4. Nxd4 Nf6 5. Nc3 Nc6 6. Bc4 e6 7. Be3 Be7 8.
Qe2 O-O 9. O-O-O Bd7 10. Bb3 Rc8 11. f3 Na5 12. g4 Nxb3+ 13. axb3 a6 14. g5 Ne8
15. h4 b5 16. f4 Qa5 17. Kb1 b4 18. Na2 Nc7 19. h5 d5 20. e5 Nb5 21. Nf3 Bc5
22. Bxc5 Rxc5 23. Qd2 Rfc8 24. Nxb4 Qb6 25. c4 Nc7 26. Nd3 Rc6 27. Qb4 Qxb4 28.
Nxb4 Rb6 29. Nc2 Rxb3 30. Ncd4 Rb4 31. cxd5 Nxd5 32. Rc1 Nc3+ 0-1

[Event "New York MCC"]
[Site "New York"]
[Date "1995.??.??"]
[Round "?"]
[White "Ashley, Maurice"]
[Black "Adianto, Utut"]
[Result "0-1"]
[WhiteElo "2460"]
[BlackElo "2585"]
[PlyCount "70"]
[EventDate "1995.??.??"]
[EventType "swiss"]
[EventRounds "7"]
[EventCountry "USA"]
[SourceTitle "EXT 2002"]
[Source "ChessBase"]
[SourceDate "2001.11.25"]
[SourceVersion "1"]
[SourceVersionDate "2001.11.25"]
[SourceQuality "1"]

1. d4 d5 2. c4 dxc4 3. Nf3 Nf6 4. Nc3 a6 5. e4 b5 6. e5 Nd5 7. a4 Nxc3 8. bxc3
Bb7 9. e6 f6 10. Be2 g6 11. h4 Qd5 12. h5 g5 13. O-O Qxe6 14. Re1 Qc6 15. Bf1
Nd7 16. Nd2 O-O-O 17. axb5 axb5 18. Qg4 Kb8 19. Re6 Qd5 20. Ra5 Nb6 21. Qe2 Qd7
22. Ba3 Nd5 23. Qe1 Nf4 24. Re3 e5 25. Bxf8 Rhxf8 26. Qb1 c6 27. Nxc4 bxc4 28.
Bxc4 exd4 29. cxd4 Qxd4 30. Bf1 Rfe8 31. Rb3 Rd7 32. Qa2 Kc7 33. Ra4 Qc5 34.
Ra5 Ne2+ 35. Kh1 Qxf2 0-1

[Event "New York MCC"]
[Site "New York"]
[Date "1995.??.??"]
[Round "?"]
[White "Ashley, Maurice"]
[Black "Hergott, Deen"]
[Result "1-0"]
[WhiteElo "2460"]
[BlackElo "2480"]
[PlyCount "55"]
[EventDate "1995.??.??"]
[EventType "swiss"]
[EventRounds "7"]
[EventCountry "USA"]
[SourceTitle "EXT 2002"]
[Source "ChessBase"]
[SourceDate "2001.11.25"]
[SourceVersion "1"]
[SourceVersionDate "2001.11.25"]
[SourceQuality "1"]

1. d4 g6 2. e4 Bg7 3. Nc3 c6 4. Be2 d5 5. Nf3 Bg4 6. Be3 Nf6 7. e5 Nfd7 8. Ng5
Bxe2 9. Qxe2 h6 10. Nf3 e6 11. Qd2 c5 12. dxc5 Nc6 13. Nb5 Ndxe5 14. Nd6+ Kf8
15. Nxe5 Bxe5 16. Bxh6+ Kg8 17. Bg5 Qf8 18. c4 Qg7 19. O-O-O b6 20. cxd5 Na5
21. dxe6 Kh7 22. exf7 Bxd6 23. cxd6 Qxf7 24. Rhe1 Rhc8+ 25. Kb1 Qf5+ 26. Ka1
Rc5 27. b4 Rc2 28. Qd5 $138 1-0

[Event "New York MCC"]
[Site "New York"]
[Date "1995.??.??"]
[Round "?"]
[White "Sagalchik, Gennadij"]
[Black "Ashley, Maurice"]
[Result "0-1"]
[WhiteElo "2530"]
[BlackElo "2460"]
[PlyCount "86"]
[EventDate "1995.??.??"]
[EventType "swiss"]
[EventRounds "7"]
[EventCountry "USA"]
[SourceTitle "EXT 2002"]
[Source "ChessBase"]
[SourceDate "2001.11.25"]
[SourceVersion "1"]
[SourceVersionDate "2001.11.25"]
[SourceQuality "1"]

1. d4 Nf6 2. c4 e6 3. Nc3 Bb4 4. a3 Bxc3+ 5. bxc3 c5 6. f3 Nc6 7. e4 d6 8. Be3
b6 9. Bd3 Na5 10. Ne2 Ba6 11. Ng3 Qc7 12. O-O O-O-O 13. Qe2 Nd7 14. f4 Rde8 15.
e5 f5 16. exf6 Nxf6 17. dxc5 dxc5 18. Rfe1 g6 19. Rab1 Rhf8 20. Bc1 Qd7 21. Ne4
Rd8 22. Nf2 Rfe8 23. Qf3 Qc6 24. Qxc6+ Nxc6 25. f5 exf5 26. Bg5 Rxe1+ 27. Rxe1
Re8 28. Rxe8+ Nxe8 29. g4 Ne5 30. Bf4 Nxd3 31. Nxd3 fxg4 32. Nf2 h5 33. Nd3 Bb7
34. Be5 g5 35. Kf2 Ba6 36. Ke3 Bxc4 37. Nf2 Bd5 38. Ne4 Bxe4 39. Kxe4 Kd7 40.
Kf5 Nd6+ 41. Kg6 Ke6 42. Bxd6 Kxd6 43. Kxh5 b5 0-1

[Event "New York MCC m1"]
[Site "New York"]
[Date "1995.??.??"]
[Round "?"]
[White "Ashley, Maurice"]
[Black "Remlinger, Larry"]
[Result "1-0"]
[WhiteElo "2460"]
[BlackElo "2465"]
[PlyCount "106"]
[EventDate "1995.??.??"]
[EventType "match"]
[EventRounds "6"]
[EventCountry "USA"]
[SourceTitle "EXT 2002"]
[Source "ChessBase"]
[SourceDate "2001.11.25"]
[SourceVersion "1"]
[SourceVersionDate "2001.11.25"]
[SourceQuality "1"]

1. e4 e6 2. d4 d5 3. exd5 exd5 4. Nf3 Bd6 5. c4 c6 6. Nc3 Ne7 7. cxd5 cxd5 8.
Bd3 Nbc6 9. h3 O-O 10. O-O Bc7 11. a3 Bf5 12. Re1 Qd7 13. Bxf5 Nxf5 14. Qd3 Bb6
15. Ne5 Nxe5 16. Rxe5 Ne7 17. Re1 Rfe8 18. Be3 Nf5 19. Rad1 g6 20. Qb5 Qxb5 21.
Nxb5 f6 22. Kf1 a6 23. Nc3 Rad8 24. Rd3 Kf7 25. Red1 h5 26. Bc1 Re7 27. g4 Ng7
28. Rf3 hxg4 29. hxg4 Ne6 30. Be3 Rc7 31. Rh3 Kg8 32. Kg2 Rh7 33. Rxh7 Kxh7 34.
Kf3 Kg7 35. Ke2 f5 36. gxf5 gxf5 37. f3 f4 38. Bf2 Kf6 39. Kd3 Rd7 40. Rh1 Kg6
41. Rg1+ Kf6 42. Rg8 Ba5 43. b4 Bd8 44. Rh8 Kg7 45. Re8 Ng5 46. Bh4 Kg6 47.
Bxg5 Kxg5 48. Re5+ Kh4 49. Rxd5 Rxd5 50. Nxd5 Kg3 51. Ke2 Bg5 52. Nc7 Bf6 53.
Ne6 Be7 1-0

[Event "New York MCC m1"]
[Site "New York"]
[Date "1995.??.??"]
[Round "?"]
[White "Ashley, Maurice"]
[Black "Remlinger, Larry"]
[Result "1-0"]
[WhiteElo "2460"]
[BlackElo "2465"]
[PlyCount "41"]
[EventDate "1995.??.??"]
[EventType "match"]
[EventRounds "6"]
[EventCountry "USA"]
[SourceTitle "EXT 2002"]
[Source "ChessBase"]
[SourceDate "2001.11.25"]
[SourceVersion "1"]
[SourceVersionDate "2001.11.25"]
[SourceQuality "1"]

1. e4 e6 2. d3 c5 3. g3 Nc6 4. Bg2 g6 5. f4 Bg7 6. Nf3 Nge7 7. Nc3 d6 8. Be3
Nd4 9. Qd2 O-O 10. O-O Rb8 11. Qf2 Nec6 12. Rae1 b5 13. e5 dxe5 14. Nxe5 Nxe5
15. fxe5 Bxe5 16. Ne4 Bg7 17. c3 e5 18. cxd4 cxd4 19. Bg5 Qc7 20. Nf6+ Kh8 21.
g4 1-0

[Event "New York MCC m1"]
[Site "New York"]
[Date "1995.??.??"]
[Round "?"]
[White "Ashley, Maurice"]
[Black "Remlinger, Larry"]
[Result "0-1"]
[WhiteElo "2460"]
[BlackElo "2465"]
[PlyCount "76"]
[EventDate "1995.??.??"]
[EventType "match"]
[EventRounds "6"]
[EventCountry "USA"]
[SourceTitle "EXT 2002"]
[Source "ChessBase"]
[SourceDate "2001.11.25"]
[SourceVersion "1"]
[SourceVersionDate "2001.11.25"]
[SourceQuality "1"]

1. e4 e6 2. d4 d5 3. exd5 exd5 4. Nf3 Bd6 5. c4 c6 6. Nc3 Ne7 7. cxd5 cxd5 8.
Bd3 Nbc6 9. h3 O-O 10. O-O a6 11. Re1 f6 12. a3 Bc7 13. Qc2 g6 14. Bh6 Rf7 15.
Nxd5 Nxd5 16. Bxg6 f5 17. Bxf7+ Kxf7 18. Qb3 Kg6 19. Bg5 Qg8 20. Nh4+ Kxg5 21.
Nf3+ Kh6 22. Rad1 Rb8 23. Ne5 Nxe5 24. dxe5 Be6 25. g3 Qf7 26. Rd4 Kg7 27. Qf3
Kh8 28. Red1 Rd8 29. Qe2 f4 30. Kh2 fxg3+ 31. fxg3 Rf8 32. Kg2 Bb6 33. Re4 Qf5
34. g4 Qg5 35. Rf1 Nf4+ 36. Rexf4 Rxf4 37. Rxf4 Qxf4 38. Qf3 Bd5 0-1

[Event "New York MCC m1"]
[Site "New York"]
[Date "1995.??.??"]
[Round "?"]
[White "Remlinger, Larry"]
[Black "Ashley, Maurice"]
[Result "1-0"]
[WhiteElo "2465"]
[BlackElo "2460"]
[PlyCount "59"]
[EventDate "1995.??.??"]
[EventType "match"]
[EventRounds "6"]
[EventCountry "USA"]
[SourceTitle "EXT 2002"]
[Source "ChessBase"]
[SourceDate "2001.11.25"]
[SourceVersion "1"]
[SourceVersionDate "2001.11.25"]
[SourceQuality "1"]

1. d4 Nf6 2. c4 e6 3. Nc3 Bb4 4. Qc2 O-O 5. a3 Bxc3+ 6. Qxc3 b5 7. cxb5 c6 8.
Bg5 cxb5 9. Nf3 Bb7 10. e3 h6 11. Bh4 g5 12. Bg3 Ne4 13. Qc2 f5 14. Bd3 Na6 15.
O-O Rc8 16. Qe2 Nxg3 17. fxg3 Nc7 18. e4 fxe4 19. Bxe4 Nd5 20. Ne5 d6 21. Qh5
Ne7 22. Nf7 Bxe4 23. Nxd8 Rcxd8 24. Qxh6 Ng6 25. Rfe1 Bf5 26. g4 Bd3 27. Rad1
Nf4 28. Qxg5+ Kh7 29. Rxd3 Nxd3 30. Rxe6 1-0

[Event "New York MCC m1"]
[Site "New York"]
[Date "1995.??.??"]
[Round "?"]
[White "Remlinger, Larry"]
[Black "Ashley, Maurice"]
[Result "0-1"]
[WhiteElo "2465"]
[BlackElo "2460"]
[PlyCount "150"]
[EventDate "1995.??.??"]
[EventType "match"]
[EventRounds "6"]
[EventCountry "USA"]
[SourceTitle "EXT 2002"]
[Source "ChessBase"]
[SourceDate "2001.11.25"]
[SourceVersion "1"]
[SourceVersionDate "2001.11.25"]
[SourceQuality "1"]

1. d4 Nf6 2. c4 e6 3. Nc3 Bb4 4. Qc2 d5 5. cxd5 Qxd5 6. Nf3 Qf5 7. Qb3 c5 8. a3
Ba5 9. Bd2 O-O 10. e3 Nc6 11. dxc5 Qxc5 12. Qc2 Bc7 13. b4 Qe7 14. Be2 Bd7 15.
O-O Rac8 16. Qb2 e5 17. e4 Nd4 18. Bg5 Nxe2+ 19. Qxe2 Qe6 20. Bxf6 Qxf6 21. Nd5
Qd6 22. Rfd1 Bb8 23. Nf6+ Qxf6 24. Rxd7 Rfd8 25. Qb5 Rxd7 26. Qxd7 Qc6 27. Qxc6
Rxc6 28. Rd1 Rd6 29. Rc1 Rd8 30. Kf1 Kf8 31. Ke2 Ke7 32. Nd2 Bd6 33. Nf1 g6 34.
Ne3 Ke6 35. Nd5 f5 36. f3 Rf8 37. a4 g5 38. b5 g4 39. Ne3 gxf3+ 40. gxf3 fxe4
41. fxe4 Rf4 42. Kd3 Rf3 43. Rc2 Be7 44. Ke2 Rh3 45. Nf1 Ra3 46. Rc4 Bg5 47.
Kf2 Bf4 48. Kg2 h5 49. Rc7 Rxa4 50. Rxb7 Rxe4 51. Rxa7 Rb4 52. Rh7 Rb2+ 53. Kf3
Rb3+ 54. Kg2 Rxb5 55. Rxh5 Rb3 56. Rh8 e4 57. Re8+ Kd5 58. h4 Rb2+ 59. Kh3 Kd4
60. Kg4 Bd6 61. h5 Rg2+ 62. Kh3 Rf2 63. Ng3 Rf3 64. h6 Rxg3+ 65. Kh4 Rg1 66.
Kh5 Rh1+ 67. Kg6 e3 68. Kg7 Be5+ 69. Kg8 Rxh6 70. Rd8+ Ke4 71. Kf7 e2 72. Rd1
exd1=Q 73. Ke7 Qd6+ 74. Ke8 Rh8+ 75. Kf7 Qf6# 0-1

[Event "New York MCC m1"]
[Site "New York"]
[Date "1995.??.??"]
[Round "?"]
[White "Remlinger, Larry"]
[Black "Ashley, Maurice"]
[Result "0-1"]
[WhiteElo "2465"]
[BlackElo "2460"]
[PlyCount "100"]
[EventDate "1995.??.??"]
[EventType "match"]
[EventRounds "6"]
[EventCountry "USA"]
[SourceTitle "EXT 2002"]
[Source "ChessBase"]
[SourceDate "2001.11.25"]
[SourceVersion "1"]
[SourceVersionDate "2001.11.25"]
[SourceQuality "1"]

1. d4 g6 2. c4 Bg7 3. Nc3 c5 4. d5 Bxc3+ 5. bxc3 f5 6. h4 Nf6 7. h5 Nxh5 8. e4
d6 9. exf5 Qa5 10. fxg6 Qxc3+ 11. Bd2 Qe5+ 12. Ne2 Nf6 13. Bc3 Qe4 14. Bxf6
exf6 15. Rxh7 Rxh7 16. gxh7 Qxh7 17. Nf4 Bf5 18. Qe2+ Qe7 19. O-O-O Qxe2 20.
Bxe2 Nd7 21. g4 Be4 22. f3 Bh7 23. Rh1 Bg8 24. Rh8 O-O-O 25. Ng6 Bf7 26. Ne7+
Kc7 27. Rh7 Rf8 28. f4 Kd8 29. Nf5 Bg6 30. Rh6 Bxf5 31. gxf5 Rg8 32. Kd2 Rg3
33. Rg6 Ra3 34. Rg8+ Kc7 35. Bh5 Rxa2+ 36. Ke3 Ra3+ 37. Kf2 Ra2+ 38. Kg3 Ra3+
39. Kh4 Re3 40. Rg7 a5 41. Bf7 Re7 42. Kh5 a4 43. Kg6 a3 44. Rh7 Nf8+ 45. Kxf6
Nxh7+ 46. Kxe7 a2 47. Bg6 a1=Q 48. Bxh7 Qg7+ 49. Ke6 Qxh7 50. f6 Qd7# 0-1

[Event "New York Marshall"]
[Site "New York"]
[Date "1995.??.??"]
[Round "1"]
[White "Kumaran, Dharshan"]
[Black "Ashley, Maurice"]
[Result "1/2-1/2"]
[WhiteElo "2505"]
[BlackElo "2460"]
[PlyCount "84"]
[EventDate "1995.??.??"]
[EventType "swiss"]
[EventRounds "5"]
[EventCountry "USA"]
[SourceTitle "EXT 1997"]
[Source "ChessBase"]
[SourceDate "1996.11.15"]
[SourceVersion "1"]
[SourceVersionDate "1996.11.15"]
[SourceQuality "1"]

1. d4 Nf6 2. c4 e6 3. Nc3 Bb4 4. Qc2 O-O 5. a3 Bxc3+ 6. Qxc3 b5 7. cxb5 c6 8.
Bg5 cxb5 9. e3 Bb7 10. Nf3 h6 11. Bxf6 Qxf6 12. Be2 Rc8 13. Qd3 Bd5 14. Qxb5
Nc6 15. Qa6 Bb3 16. Nd2 Rcb8 17. Qd3 Ba4 18. Qa6 Bb3 19. O-O Rb6 20. Qd3 Rab8
21. Qc3 Qg6 22. Bd3 f5 23. f3 Qg5 24. Rfe1 Ne7 25. Qa5 Nd5 26. Nf1 Qf6 27. Qd2
f4 28. Kh1 fxe3 29. Nxe3 Nxe3 30. Qxe3 Rd6 31. d5 Bxd5 32. b4 a6 33. Rac1 Rf8
34. Bb1 Bc6 35. Rcd1 Rxd1 36. Rxd1 Qf4 37. Qd3 Rf5 38. Qxa6 Rh5 39. Qc8+ Kf7
40. Rxd7+ Bxd7 41. Qxd7+ Kf8 42. Qd8+ Kf7 1/2-1/2

[Event "New York Marshall"]
[Site "New York"]
[Date "1995.??.??"]
[Round "3"]
[White "Young, Angelo"]
[Black "Ashley, Maurice"]
[Result "1-0"]
[WhiteElo "2435"]
[BlackElo "2460"]
[PlyCount "49"]
[EventDate "1995.??.??"]
[EventType "swiss"]
[EventRounds "5"]
[EventCountry "USA"]
[SourceTitle "EXT 1997"]
[Source "ChessBase"]
[SourceDate "1996.11.15"]
[SourceVersion "1"]
[SourceVersionDate "1996.11.15"]
[SourceQuality "1"]

1. d4 Nf6 2. Nf3 e6 3. Bg5 c5 4. e3 h6 5. Bxf6 Qxf6 6. c3 cxd4 7. exd4 d6 8.
Bd3 Nd7 9. O-O Qd8 10. Bc2 Nf6 11. Qd3 Bd7 12. Nbd2 Bc6 13. b4 Be7 14. Rfe1 b5
15. a4 a6 16. d5 Nxd5 17. Nd4 Bd7 18. axb5 axb5 19. Nxb5 Rb8 20. Nxd6+ Bxd6 21.
Qxd5 Qc7 22. Qd4 Rc8 23. Ra7 Bxh2+ 24. Kh1 Qd6 25. Qxg7 1-0

[Event "New York Marshall"]
[Site "New York"]
[Date "1995.??.??"]
[Round "4"]
[White "Ashley, Maurice"]
[Black "Gabriel, Christian"]
[Result "1-0"]
[WhiteElo "2460"]
[BlackElo "2535"]
[PlyCount "69"]
[EventDate "1995.??.??"]
[EventType "swiss"]
[EventRounds "5"]
[EventCountry "USA"]
[SourceTitle "EXT 1997"]
[Source "ChessBase"]
[SourceDate "1996.11.15"]
[SourceVersion "1"]
[SourceVersionDate "1996.11.15"]
[SourceQuality "1"]

1. d4 Nf6 2. Nf3 g6 3. c4 Bg7 4. Nc3 O-O 5. e4 d6 6. Be2 e5 7. O-O Nc6 8. d5
Ne7 9. Bg5 Ne8 10. Nd2 f5 11. exf5 gxf5 12. f4 e4 13. Kh1 Nf6 14. Re1 Ng6 15.
Bh5 h6 16. Bxf6 Qxf6 17. g3 c5 18. Nf1 Kh7 19. Qc2 Bd7 20. Ne3 a6 21. a4 Rab8
22. Ng2 Kh8 23. Qe2 Be8 24. Ra3 Qe7 25. Rb3 b6 26. a5 Qd8 27. axb6 Rxb6 28.
Rxb6 Qxb6 29. Nxe4 fxe4 30. Qxe4 Ne5 31. Bxe8 Rxe8 32. Nh4 Kg8 33. Nf3 Rf8 34.
fxe5 Qb3 35. e6 1-0

[Event "San Francisco"]
[Site "San Francisco"]
[Date "1995.??.??"]
[Round "2"]
[White "Tisdall, Jonathan D"]
[Black "Ashley, Maurice"]
[Result "1/2-1/2"]
[WhiteElo "2470"]
[BlackElo "2460"]
[PlyCount "63"]
[EventDate "1995.??.??"]
[EventType "game"]
[EventCountry "ARG"]
[SourceTitle "CBM 046"]
[Source "ChessBase"]
[SourceDate "1995.06.01"]
[SourceVersion "1"]
[SourceVersionDate "1995.06.01"]
[SourceQuality "1"]

1. d4 Nf6 2. c4 e6 3. Nc3 Bb4 4. e3 c5 5. Bd3 Nc6 6. Nge2 d5 7. cxd5 Nxd5 8.
O-O cxd4 9. exd4 O-O 10. Bc2 Be7 11. Qd3 g6 12. Bb3 Nxc3 13. bxc3 Na5 14. Bh6
Re8 15. Rac1 Bd7 16. Ng3 Nxb3 17. axb3 Bc6 18. c4 Bg5 19. Bxg5 Qxg5 20. Ne4 Qf4
21. Rfe1 Rad8 22. Qg3 Qxg3 23. Nf6+ Kf8 24. hxg3 Re7 25. d5 exd5 26. Nxh7+ Ke8
27. Nf6+ Kf8 28. cxd5 Rxe1+ 29. Rxe1 Kg7 30. dxc6 Kxf6 31. cxb7 Rb8 32. Re3
1/2-1/2